000 00484nam a2200145 i 4500
001 bg
100 1 _aDZIADUR, Jerzy.
245 0 _aAlbum typowej stolarki okiennej i drzwiowej dla budownictwa ogólnego.
_nR. 4,
_pDrzwi drewniane klepkowe (zewnętrzne) dla budynków mieszkalnych oraz drzwi i wrota różne /
_cJerzy Dziadur.
260 _aWarszawa :
_bCOBPBO,
_c1980.
490 1 _vB-2-4/79
040 _cBPK
041 _apol
942 _cKA
008 s pl f |000 0 pol
999 _c310
_d310
856 _uhttp://koha.tu.koszalin.pl/cgi-bin/koha/opac-detail.pl?biblionumber=310
_yKatalog online BPK